02006cam a2200325 a 4500999001700000001000900017005001700026008004100043010001700084020001500101020001800116035002300134035002000157040005200177082001700229100002600246245005900272250001200331260006100343300004800404504006400452520084300516650002901359651001001388653002001398700002401418942000801442952011501450952011501565 c27440d274111458820720190508121141.0061010t2007 maua frb 001 0 eng d a 2006033437 a0763741493 a9780763741495 a(OCoLC)ocm72699639 a(OCoLC)72699639 aDLCbengcDLCdBAKERdC#PdYDXCPdDLCdEG-ScBUE04a004bDAL2221 aDale, Nellq(Nell B.)10aComputer science illuminated /cNell Dale, John Lewis. a3rd ed. aSudbury, Mass :bJones and Bartlett Publishers,cc.2007. axxvii, 636 p. :bill. (some col.) ;c24 cm. aIncludes bibliographical references (p. 599-604) and index. astudents on the dynamic and diverse field of computer science. [In the text, the authors] provide [an] overview of the many aspects of the discipline from a generic view point. Separate program language chapters are available as bundle items for those instructors who would like to explore a particular programming language with their students. The many layers of computing are thoroughly explained beginning with the information layer, working through the hardware, programming, operating systems, application, and communication layers, and ending with a discussion on the limitations of computing. [It is] for introductory computing and computer science courses. [It is also for] computer science majors with a solid foundation for further study, and offers non majors a comprehensive and complete introduction to computing.-Back cover. 7aComputer science.2BUEsh 2BUEsh bCOMSCIcMay20191 aLewis, John,d1963- 2ddc 00102ddc40708BaccahaMAINbMAINcLOWd2019-05-08ePurchasel0o004 DALp000006967r2025-07-15 00:00:00yBB 00102ddc40708BaccahaMAINbMAINcLOWd2022-08-01ePurchasel0o004 DALp000007697r2025-07-15 00:00:00yBB